| 000 | 00998cam a2200301 i 4500 | ||
|---|---|---|---|
| 003 | EG-ScBUE | ||
| 005 | 20230807095105.0 | ||
| 008 | 080804t1993 ua abo f b 001 0 eng d | ||
| 020 | _a9774243048 | ||
| 040 |
_aEG-ScBUE _beng _erda _cEG-ScBUE _dEG-ScBUE |
||
| 043 | _af-ua--- | ||
| 082 | 0 | 4 |
_a916.20455 _bJOB _222 |
| 100 | 1 |
_aJobbins, Jenny, _eauthor. |
|
| 245 | 1 | 4 |
_aThe Egyptian Mediterranean : _ba traveler's guide / _cJenny Jobbins, Mary Megalli. |
| 264 | 1 |
_aCairo : _bAmerican University in Cairo Press, _c[1993] |
|
| 264 | 4 | _cc1993 | |
| 300 |
_aix , 169 pages : _billustrations (some color), maps, photographs ; _c20 cm |
||
| 336 |
_2rdacontent _atext _btxt |
||
| 337 |
_2rdamedia _aunmediated _bn |
||
| 338 |
_2rdacarrier _avolume _bnc |
||
| 504 | _aIncludes bibliographical references and index. | ||
| 590 | _adoaa mohamed | ||
| 651 | 7 |
_2BUEsh _aEgypt _vGuidebooks. |
|
| 653 |
_cAugust2015 _bBUSBOL |
||
| 655 | _vReading book | ||
| 700 | 1 |
_aMegalli, Mary, _eauthor. |
|
| 942 |
_2ddc _cBB |
||
| 999 |
_c10063 _d10063 |
||